000 00825cam a2200241 4500
001 WB3540-23
008 000000n1999 000 0 eng u
035 _a(Sirsi) u100457
245 _aMortgage code
260 _c1999
490 _aGuardian
_v14 October 1999, 28
490 _aFinancial Times
_v15 October 1999, 6(2)
520 _aGovernment has announced proposals for minimum standards for mortgages, aimed at getting rid of misleading terms and hidden charges. The proposals will set voluntary minimum standards for the fees charged and the contract terms of home loans.
590 _aWB
650 _aMORTGAGE CODE
650 _aHOME LOANS
650 _aHOUSE BUYERS
650 _aMORTGAGES
650 _aMORTGAGE LENDERS
650 _aCAT STANDARDS
690 _aHOUSING-HOUSING FINANCE
942 _n0
999 _c60098
_d60098